000
00264nam a2200133Ia 4500
100
_a
Raker/D/ Rice/H
942
_c
BK
654
_a
Autocad
245
_a
Inside Autocad
260
_b
New Riders
_a
Dubai
_c
1989
082
_a
4.3
546
_a
ENGLISH
999
_c
32821
_d
32821